000 00397nam a2200133Ia 4500
008 220216s9999 xx 000 0 und d
100 _aHess W M
245 0 _aQuantitative carbon black dispersion analysis
260 _bProceedings of the International Rubber Conference, Venice, 1979; p549
650 _aCarbon black dispersion
700 _aChirico V E
700 _aVegvari P C
942 _cJS
999 _c66194
_d66194